| 000 | 00708nam a22002177a 4500 | ||
|---|---|---|---|
| 003 | TZ-ArACH | ||
| 005 | 20260417113722.0 | ||
| 008 | 260417b |||||||| |||| 00| 0 eng d | ||
| 022 | _a1816-3831 | ||
| 040 |
_aTZ-ArACH _bEN _cTZ-ArACH |
||
| 050 |
_aU263 _b.H86 2015 |
||
| 110 | _aInternational Committee of the Red Cross | ||
| 245 |
_aEvolution of warfare _cInternational Committee of the Red Cross |
||
| 260 |
_aGeneva: _bInternational Committee of the Red Cross; _c2015 |
||
| 300 | _a954-150p.: | ||
| 440 |
_aInternational Review of the Red Cross: Humanitarian Debate (Law, Policy, Action), Vol. 97(900) 2015 _x1816-3831 |
||
| 650 | _aLaw | ||
| 650 | _aPolicy | ||
| 650 | _aAction | ||
| 942 |
_2lcc _cBOOK |
||
| 999 |
_c7855 _d7855 |
||